<?xml version="1.0" encoding="UTF-8"?>
<record
    xmlns:xsi="http://www.w3.org/2001/XMLSchema-instance"
    xsi:schemaLocation="http://www.loc.gov/MARC21/slim http://www.loc.gov/standards/marcxml/schema/MARC21slim.xsd"
    xmlns="http://www.loc.gov/MARC21/slim">

  <leader>03310cam a2200409 a 4500</leader>
  <datafield tag="999" ind1=" " ind2=" ">
    <subfield code="c">79398</subfield>
    <subfield code="d">316675</subfield>
  </datafield>
  <controlfield tag="001">299701100</controlfield>
  <controlfield tag="003">OCoLC</controlfield>
  <controlfield tag="005">20210304190335.0</controlfield>
  <controlfield tag="008">090121t20102010moua     b    001 0 eng  </controlfield>
  <datafield tag="010" ind1=" " ind2=" ">
    <subfield code="a">2009930550</subfield>
  </datafield>
  <datafield tag="020" ind1=" " ind2=" ">
    <subfield code="a">9780443069420</subfield>
  </datafield>
  <datafield tag="020" ind1=" " ind2=" ">
    <subfield code="a">0443069425</subfield>
  </datafield>
  <datafield tag="040" ind1=" " ind2=" ">
    <subfield code="a">NLM</subfield>
    <subfield code="c">NLM</subfield>
    <subfield code="d">BTCTA</subfield>
    <subfield code="d">YDXCP</subfield>
    <subfield code="d">AIC</subfield>
    <subfield code="d">WS$</subfield>
    <subfield code="d">VET</subfield>
    <subfield code="d">UKM</subfield>
    <subfield code="d">MMU</subfield>
    <subfield code="d">CDX</subfield>
    <subfield code="d">TULIB</subfield>
    <subfield code="d">UtOrBLW</subfield>
  </datafield>
  <datafield tag="042" ind1=" " ind2=" ">
    <subfield code="a">nlmcopyc</subfield>
  </datafield>
  <datafield tag="060" ind1="0" ind2="0">
    <subfield code="a">2009 I-791</subfield>
  </datafield>
  <datafield tag="060" ind1="1" ind2="0">
    <subfield code="a">WE 168</subfield>
    <subfield code="b">O7626 2010</subfield>
  </datafield>
  <datafield tag="082" ind1="0" ind2="4">
    <subfield code="a">615.82</subfield>
    <subfield code="2">22</subfield>
    <subfield code="b">ORP</subfield>
  </datafield>
  <datafield tag="090" ind1=" " ind2=" ">
    <subfield code="a">RD736.P47</subfield>
    <subfield code="b">O79 2010</subfield>
  </datafield>
  <datafield tag="245" ind1="0" ind2="0">
    <subfield code="a">Orthopaedic physical therapy /</subfield>
    <subfield code="c">[edited by] Robert A. Donatelli, Michael J. Wooden</subfield>
  </datafield>
  <datafield tag="250" ind1=" " ind2=" ">
    <subfield code="a">Fourth edition</subfield>
  </datafield>
  <datafield tag="264" ind1=" " ind2="1">
    <subfield code="a">St. Louis, MO :</subfield>
    <subfield code="b">Churchill Livingstone/Elsevier,</subfield>
    <subfield code="c">[2010]</subfield>
  </datafield>
  <datafield tag="264" ind1=" " ind2="4">
    <subfield code="c">&#x2117;&#x266D;2010</subfield>
  </datafield>
  <datafield tag="300" ind1=" " ind2=" ">
    <subfield code="a">xiv, 771 pages :</subfield>
    <subfield code="b">illustrations ;</subfield>
    <subfield code="c">29 cm</subfield>
  </datafield>
  <datafield tag="504" ind1=" " ind2=" ">
    <subfield code="a">Includes bibliographical references and index</subfield>
  </datafield>
  <datafield tag="505" ind1="0" ind2=" ">
    <subfield code="a">Fundamental principles -- Tissue response -- Exercise treatment of the rehabilitation patient: cardiopulmonary and peripheral responses -- Theory and practice of muscle strengthening in orthopaedic physical therapy -- Strength training concepts in the orthopaedic patient -- Symptom investigation -- Upper quarter -- Upper quarter evaluation: structural relationships and interdependence -- Temporomandibular disorders, head and orofacial pain: cervical spine considerations -- Dysfunction, evaluation, and treatment of the cervical spine and thoracic inlet -- Differential diagnosis and mobilization of the cervical and upper thoracic spine -- Shoulder -- Dysfunction, evaluation, and treatment of the elbow -- Dysfunction, evaluation, and treatment of the wrist and hand -- Reconstructive surgery of the wrist and hand -- Mobilization of the upper extremity -- Evaluation and training of the core -- Lower quarter -- Neuromuscular training -- Lumbopelvic system: anatomy, physiology, motor control, instability, and description of a unique treatment modality -- Advances in lumbar spine surgery -- Evaluation, diagnosis, and treatment of the lumbar-pelvic-hip complex -- Surgical treatment and rehabilitation of the hip complex -- Dysfunction, evaluation, and treatment of the knee -- Surgery of the knee and rehabilitation principles -- Dysfunction, evaluation, and treatment of the foot and ankle -- Overview of foot orthotics and prescription -- New advances in foot and ankle surgery and rehabilitation -- Mobilization of the lower extremity -- Special considerations -- Soft tissue mobilization -- Somatosensory, vestibular, and visual sensory integration: implications for neuromuscular control and balance in orthopaedic practice -- Exercises for the trunk, shoulder, hip, and knee: electromyographic evidence -- Evaluation and treatment of neural tissue pain disorders -- Manual therapy techniques for the thoracolumbar spine</subfield>
  </datafield>
  <datafield tag="650" ind1=" " ind2="0">
    <subfield code="a">Orthopedics</subfield>
    <subfield code="9">88269</subfield>
  </datafield>
  <datafield tag="650" ind1=" " ind2="0">
    <subfield code="a">Physical therapy</subfield>
    <subfield code="9">88270</subfield>
  </datafield>
  <datafield tag="650" ind1=" " ind2="4">
    <subfield code="a">Orthopedic procedures</subfield>
    <subfield code="v">Methods</subfield>
    <subfield code="9">88271</subfield>
  </datafield>
  <datafield tag="650" ind1=" " ind2="4">
    <subfield code="a">Musculoskeletal diseases</subfield>
    <subfield code="x">Therapy</subfield>
    <subfield code="9">38497</subfield>
  </datafield>
  <datafield tag="650" ind1=" " ind2="4">
    <subfield code="a">Physical therapy modalities</subfield>
    <subfield code="9">88272</subfield>
  </datafield>
  <datafield tag="650" ind1="1" ind2="2">
    <subfield code="a">Orthopedic Procedures</subfield>
    <subfield code="x">methods</subfield>
    <subfield code="9">56096</subfield>
  </datafield>
  <datafield tag="650" ind1="2" ind2="2">
    <subfield code="a">Musculoskeletal Diseases</subfield>
    <subfield code="x">therapy</subfield>
    <subfield code="9">38497</subfield>
  </datafield>
  <datafield tag="650" ind1="2" ind2="2">
    <subfield code="a">Physical Therapy Modalities</subfield>
    <subfield code="9">88273</subfield>
  </datafield>
  <datafield tag="700" ind1="1" ind2=" ">
    <subfield code="a">Donatelli, Robert</subfield>
    <subfield code="9">88274</subfield>
  </datafield>
  <datafield tag="700" ind1="1" ind2=" ">
    <subfield code="a">Wooden, Michael J</subfield>
    <subfield code="9">88275</subfield>
  </datafield>
  <datafield tag="942" ind1=" " ind2=" ">
    <subfield code="2">ddc</subfield>
    <subfield code="c">BOOK</subfield>
  </datafield>
  <datafield tag="952" ind1=" " ind2=" ">
    <subfield code="1">0</subfield>
    <subfield code="2">2021-03-04</subfield>
    <subfield code="4">0</subfield>
    <subfield code="7">0</subfield>
    <subfield code="a">615.82 ORP</subfield>
    <subfield code="d">2021-03-04</subfield>
    <subfield code="h">CL</subfield>
    <subfield code="i">00167104</subfield>
    <subfield code="m">CL</subfield>
    <subfield code="r">2021-03-04 00:00:00</subfield>
    <subfield code="t">BOOK</subfield>
    <subfield code="w">ddc</subfield>
    <subfield code="y">0</subfield>
  </datafield>
  <datafield tag="952" ind1=" " ind2=" ">
    <subfield code="1">0</subfield>
    <subfield code="2">2021-03-04</subfield>
    <subfield code="4">0</subfield>
    <subfield code="7">0</subfield>
    <subfield code="a">615.82 ORP</subfield>
    <subfield code="d">2021-03-04</subfield>
    <subfield code="h">CL</subfield>
    <subfield code="i">00167105</subfield>
    <subfield code="m">CL</subfield>
    <subfield code="r">2021-03-04 00:00:00</subfield>
    <subfield code="t">BOOK</subfield>
    <subfield code="w">ddc</subfield>
    <subfield code="y">0</subfield>
  </datafield>
  <datafield tag="952" ind1=" " ind2=" ">
    <subfield code="1">0</subfield>
    <subfield code="2">2021-03-04</subfield>
    <subfield code="4">0</subfield>
    <subfield code="7">0</subfield>
    <subfield code="a">615.82 ORP</subfield>
    <subfield code="d">2021-03-04</subfield>
    <subfield code="h">CL</subfield>
    <subfield code="i">00167106</subfield>
    <subfield code="m">CL</subfield>
    <subfield code="r">2021-03-04 00:00:00</subfield>
    <subfield code="t">BOOK</subfield>
    <subfield code="w">ddc</subfield>
    <subfield code="y">0</subfield>
  </datafield>
  <datafield tag="952" ind1=" " ind2=" ">
    <subfield code="1">0</subfield>
    <subfield code="2">2021-03-05</subfield>
    <subfield code="4">0</subfield>
    <subfield code="7">0</subfield>
    <subfield code="a">615.82 ORP</subfield>
    <subfield code="d">2021-03-05</subfield>
    <subfield code="h">AMF</subfield>
    <subfield code="i">00167323</subfield>
    <subfield code="m">AMF</subfield>
    <subfield code="r">2021-03-05 00:00:00</subfield>
    <subfield code="t">BOOK</subfield>
    <subfield code="w">ddc</subfield>
    <subfield code="y">0</subfield>
  </datafield>
  <datafield tag="952" ind1=" " ind2=" ">
    <subfield code="1">0</subfield>
    <subfield code="2">2021-03-05</subfield>
    <subfield code="4">0</subfield>
    <subfield code="7">0</subfield>
    <subfield code="a">615.82 ORP</subfield>
    <subfield code="d">2021-03-05</subfield>
    <subfield code="h">AMF</subfield>
    <subfield code="i">00167324</subfield>
    <subfield code="m">AMF</subfield>
    <subfield code="r">2021-03-05 00:00:00</subfield>
    <subfield code="t">BOOK</subfield>
    <subfield code="w">ddc</subfield>
    <subfield code="y">0</subfield>
  </datafield>
  <datafield tag="952" ind1=" " ind2=" ">
    <subfield code="1">0</subfield>
    <subfield code="2">2021-03-05</subfield>
    <subfield code="4">0</subfield>
    <subfield code="7">0</subfield>
    <subfield code="a">615.82 ORP</subfield>
    <subfield code="d">2021-03-05</subfield>
    <subfield code="h">SZM</subfield>
    <subfield code="i">00167325</subfield>
    <subfield code="m">SZM</subfield>
    <subfield code="r">2021-03-05 00:00:00</subfield>
    <subfield code="t">BOOK</subfield>
    <subfield code="w">ddc</subfield>
    <subfield code="y">0</subfield>
  </datafield>
  <datafield tag="952" ind1=" " ind2=" ">
    <subfield code="1">0</subfield>
    <subfield code="2">2021-03-05</subfield>
    <subfield code="4">0</subfield>
    <subfield code="7">0</subfield>
    <subfield code="a">615.82 ORP</subfield>
    <subfield code="d">2021-03-05</subfield>
    <subfield code="h">SZM</subfield>
    <subfield code="i">00167326</subfield>
    <subfield code="m">SZM</subfield>
    <subfield code="r">2021-03-05 00:00:00</subfield>
    <subfield code="t">BOOK</subfield>
    <subfield code="w">ddc</subfield>
    <subfield code="y">0</subfield>
  </datafield>
</record>
